Anagram- Bands from the 1980s - Statistics

General Stats
  • This quiz has been taken 69 times
  • The average score is 8 of 15
Answer Stats
Hint Answer % Correct
thceeur The Cure
88%
snix INXS
86%
nvbjioo Bon Jovi
76%
randanuurd Duran Duran
65%
locithepe The Police
61%
peldepdarf Def Leppard
57%
nosregsnus Guns N Roses
57%
seigesn Genesis
55%
isnopi Poison
53%
stihhesmt The Smiths
53%
ndmruc Run DMC
49%
shiteewank Whitesnake
45%
ritsditeas Dire Straits
18%
hcymurties Eurythmics
14%
trrraesfefaos Tears For Fears
10%
No matching quizzes found
Score Distribution
Percent of People with Each Score
Percentile by Number Answered
Your Score History
You have not taken this quiz